000 00636nam a2200205 a 4500
001 000042717
005 20240530073922.0
008 140205s2012 dr r 000 f spa d
020 _a9789945404821
040 _aDO-SdBNP
_bspa
_cBNPHU
082 _aRD863.44
_bM516i
100 1 _aMejía, Amable
_937015
245 1 3 _aLa isla de los hombres felices /
_cAmable Mejía.
260 _aSanto Domingo :
_bEdiciones de Cultura,
_bSINACREN,
_c2012.
300 _a59 p. ;
_c23 cm.
590 _aInventariado, 2018/BT
650 0 _aNovela dominicana
_9223
650 0 _aLiteratura dominicana.
_967
910 _aValidado. Control de calidad. MFF
999 _c42206
_d42206